The Agrarian Debate in Mexico: an overview
Guardado en:
| Format: | Texto |
|---|---|
| Fag: | |
| Tags: |
Tilføj Tag
Ingen Tags, Vær først til at tagge denne postø!
|
MARC
| LEADER | 00000 a a2200000 04500 | ||
|---|---|---|---|
| 001 | 9147 | ||
| 003 | |||
| 040 | |||
| 245 | |a The Agrarian Debate in Mexico: |b an overview | ||
| 650 | |a DESARROLLO RURAL | ||
| 650 | |a AGRICULTURA | ||
| 650 | |a AGRICULTURA COMERCIAL | ||
| 650 | |a CAMPESINOS | ||
| 650 | |a NEOLIBERALISMO | ||
| 650 | |a GLOBALIZACION | ||
| 650 | |a MEXICO | ||
| 773 | |g número 86; páginas 13-30 | ||
| 999 | |c 31829 |d 31829 | ||
